Heat and Mass Transfer 3rd (Record no. 565659)
[ view plain ]
| 000 -LEADER | |
|---|---|
| fixed length control field | 00335nam a2200121Ia 4500 |
| 008 - FIXED-LENGTH DATA ELEMENTS--GENERAL INFORMATION | |
| fixed length control field | 210430s9999 xx 000 0 und d |
| 082 ## - DEWEY DECIMAL CLASSIFICATION NUMBER | |
| Classification number | 621.4022 C395 H |
| 100 ## - MAIN ENTRY--PERSONAL NAME | |
| Personal name | Yunus A Cengel |
| 9 (RLIN) | 13419 |
| 245 ## - TITLE STATEMENT | |
| Title | Heat and Mass Transfer 3rd |
| Statement of responsibility, etc. | Yunus A Cengel |
| 260 ## - PUBLICATION, DISTRIBUTION, ETC. | |
| Place of publication, distribution, etc. | New Delhi |
| Name of publisher, distributor, etc. | Tata McGraw Hill |
| Date of publication, distribution, etc. | 2006 |
| 300 ## - PHYSICAL DESCRIPTION | |
| Extent | 879p. |
| 942 ## - ADDED ENTRY ELEMENTS (KOHA) | |
| Koha item type | Book |
| Source of classification or shelving scheme | |
| Withdrawn status | Lost status | Damaged status | Not for loan | Collection code | Permanent Location | Current Location | Shelving location | Date acquired | Total Checkouts | Total Renewals | Full call number | Barcode | Date last seen | Date last checked out | Price effective from | Koha item type |
|---|---|---|---|---|---|---|---|---|---|---|---|---|---|---|---|---|
| School of Chemical & Materials Engineering (SCME) | School of Chemical & Materials Engineering (SCME) | General Stacks | 1 | 1 | 621.4022 C395 H | SCME-3507 | 06/07/2022 | 03/10/2022 | 04/30/2021 | Book |
